<?xml version="1.0" encoding="UTF-8"?>
<record
    xmlns:xsi="http://www.w3.org/2001/XMLSchema-instance"
    xsi:schemaLocation="http://www.loc.gov/MARC21/slim http://www.loc.gov/standards/marcxml/schema/MARC21slim.xsd"
    xmlns="http://www.loc.gov/MARC21/slim">

  <leader>00935cam a2200253 a 4500</leader>
  <controlfield tag="001">sa 63000739 </controlfield>
  <controlfield tag="003">DLC</controlfield>
  <controlfield tag="005">20260227111923.0</controlfield>
  <controlfield tag="008">890710s1962    ii       b    001 1 gujo </controlfield>
  <datafield tag="010" ind1=" " ind2=" ">
    <subfield code="a">sa 63000739 </subfield>
  </datafield>
  <datafield tag="035" ind1=" " ind2=" ">
    <subfield code="a">(OCoLC)19987532</subfield>
  </datafield>
  <datafield tag="040" ind1=" " ind2=" ">
    <subfield code="a">DLC</subfield>
    <subfield code="c">DLC</subfield>
  </datafield>
  <datafield tag="050" ind1="0" ind2="0">
    <subfield code="a">PK1855</subfield>
    <subfield code="b">.S24 1962</subfield>
  </datafield>
  <datafield tag="245" ind1="0" ind2="0">
    <subfield code="a">S&#x101;hityam&#x12B;m&#x101;&#x1E43;s&#x101; /</subfield>
    <subfield code="c">samp&#x101;dak&#x101;, Vish&#x1E47;upras&#x101;da Ra. Trived&#x12B;, J&#x12B;vanal&#x101;la Tr&#x12B;. Par&#x12B;kha.</subfield>
  </datafield>
  <datafield tag="260" ind1=" " ind2=" ">
    <subfield code="a">S&#x16B;rata :</subfield>
    <subfield code="b">C&#x16B;n&#x12B;l&#x101;la G&#x101;ndh&#x12B; Vidy&#x101;bhavana :</subfield>
    <subfield code="b">S&#x101;rvajanika Ecyuke&#x15B;ana Sos&#x101;ya&#x1E6D;&#x12B;,</subfield>
    <subfield code="c">1962.</subfield>
  </datafield>
  <datafield tag="300" ind1=" " ind2=" ">
    <subfield code="a">2, 31, 448 p. ;</subfield>
    <subfield code="c">19 cm.</subfield>
  </datafield>
  <datafield tag="490" ind1="1" ind2=" ">
    <subfield code="a">C&#x16B;n&#x12B;l&#x101;la G&#x101;ndh&#x12B; Vidy&#x101;bhavana prak&#x101;&#x15B;ana ;</subfield>
    <subfield code="v">10</subfield>
  </datafield>
  <datafield tag="546" ind1=" " ind2=" ">
    <subfield code="a">In Gujarati.</subfield>
  </datafield>
  <datafield tag="504" ind1=" " ind2=" ">
    <subfield code="a">Includes bibliographical references and index.</subfield>
  </datafield>
  <datafield tag="650" ind1=" " ind2="0">
    <subfield code="a">Gujarati literature.</subfield>
  </datafield>
  <datafield tag="700" ind1="1" ind2=" ">
    <subfield code="a">Trived&#x12B;, Vish&#x1E47;upras&#x101;da Ra.,</subfield>
    <subfield code="d">1899-</subfield>
  </datafield>
  <datafield tag="700" ind1="1" ind2=" ">
    <subfield code="a">Parikh, J. T.</subfield>
    <subfield code="q">(Jivanlal Trikamlal)</subfield>
  </datafield>
  <datafield tag="830" ind1=" " ind2="0">
    <subfield code="a">Shri Chunilal Gandhi Vidyabhavan studies ;</subfield>
    <subfield code="v">no. 10.</subfield>
  </datafield>
  <datafield tag="999" ind1=" " ind2=" ">
    <subfield code="c">53599</subfield>
    <subfield code="d">53599</subfield>
  </datafield>
</record>
